Workshop technology : Manufacturing Processes / (Record no. 382)

000 -LEADER
fixed length control field 00475 a2200169 4500
008 - FIXED-LENGTH DATA ELEMENTS--GENERAL INFORMATION
fixed length control field 221215b ||||| |||| 00| 0 eng d
020 ## - INTERNATIONAL STANDARD BOOK NUMBER
International Standard Book Number 9788121908689
082 00 - DEWEY DECIMAL CLASSIFICATION NUMBER
Classification number 621.75
Item number K459
100 ## - MAIN ENTRY--PERSONAL NAME
Personal name Khurmi, R. S.
245 ## - TITLE STATEMENT
Title Workshop technology : Manufacturing Processes /
250 ## - EDITION STATEMENT
Edition statement 6th ed.
260 ## - PUBLICATION, DISTRIBUTION, ETC. (IMPRINT)
Place of publication, distribution, etc New Delhi:
Name of publisher, distributor, etc S. Chand,
Date of publication, distribution, etc 2015.
300 ## - PHYSICAL DESCRIPTION
Extent 551 p.
650 #0 - SUBJECT ADDED ENTRY--TOPICAL TERM
Topical term or geographic name as entry element Manufacturing processes
700 ## - ADDED ENTRY--PERSONAL NAME
9 (RLIN) 17
Personal name Gupta, J. K.
942 ## - ADDED ENTRY ELEMENTS (KOHA)
Source of classification or shelving scheme
Item type Books
Holdings
Withdrawn status Lost status Source of classification or shelving scheme Damaged status Not for loan Permanent location Current location Date acquired Source of acquisition Cost, normal purchase price Total Checkouts Full call number Barcode Date last seen Date last borrowed Cost, replacement price Koha item type
          IMU Kolkata IMU Kolkata 2017-03-15 B. Bross & Co. 289.00 1 621.75 K459 12084 2023-10-03 2023-09-18 425.00 Books
          IMU Kolkata IMU Kolkata 2017-03-15 B. Bross & Co. 289.00   621.75 K459 12085 2019-09-26   425.00 Books
          IMU Kolkata IMU Kolkata 2017-03-15 B. Bross & Co. 289.00 1 621.75 K459 12086 2023-12-26 2023-12-21 425.00 Books
          IMU Kolkata IMU Kolkata 2017-03-15 B. Bross & Co. 289.00   621.75 K459 12087 2019-09-26   425.00 Books
          IMU Kolkata IMU Kolkata 2017-03-15 B. Bross & Co. 289.00 1 621.75 K459 12088 2024-08-07 2024-07-23 425.00 Books
Designed and Maintained by IMU-KC Library, Kolkata Campus © Copyright All Rights Reserved

webs counters

Powered by Koha